000 00245nam a22000857a 4500
008 160704b xxu||||| |||| 00| 0 eng d
100 _92009
_a Gurera, S
245 _aKargil Toons: A Selection of Cartoons
260 _aNew Delhi
_bArya Publications
_c1997
999 _c1709
_d1709